Λευκή Βίβλος / Για τις Ενοπλές Δυνάμεις 1996-1997 (Record no. 2053)
[ view plain ]
| 000 -LEADER | |
|---|---|
| fixed length control field | 01438cam a22001694a 4500 |
| 005 - ΗΜΕΡΟΜΗΝΙΑ ΚΑΙ ΩΡΑ ΤΕΛΕΥΤΑΙΑΣ ΕΝΗΜΕΡΩΣΗΣ | |
| Πεδίο ελέγχου | 20250605163316.0 |
| 008 - FIXED-LENGTH DATA ELEMENTS--GENERAL INFORMATION | |
| Πεδίο ελέγχου σταθερού μήκους | 250528s ||||||||||||||||||||||||d |
| 035 ## - SYSTEM CONTROL NUMBER | |
| System control number | 16561 |
| 040 ## - ΠΗΓΗ ΚΑΤΑΛΟΓΟΓΡΑΦΗΣΗΣ | |
| Φορέας πρωτότυπης καταλογογράφησης | MC Athens Campus Library |
| Γλώσσα καταλογογράφησης | Ελληνικά, Μοντέρνα (1453-) |
| Modifying agency | MC Athens Campus Library |
| Κανόνες περιγραφικής καταλογογράφησης | AACR2 |
| 245 1# - ΤΙΤΛΟΣ ΚΑΙ ΔΗΛΩΣΗ ΥΠΕΥΘΥΝΟΤΗΤΑΣ | |
| Τίτλος | Λευκή Βίβλος / Για τις Ενοπλές Δυνάμεις 1996-1997 |
| 260 ## - PUBLICATION, DISTRIBUTION, ETC. | |
| Name of publisher, distributor, etc. | Υπουργείο Εθνικής Άμυνας, |
| Date of publication, distribution, etc. | 1997 |
| 300 ## - PHYSICAL DESCRIPTION | |
| Extent | 144 |
| 520 ## - SUMMARY, ETC. | |
| Summary, etc. | Η Ελλάδα στη Νέα Εποχή, Η Γεωστρατηγική Θέση της Ελλάδας, Η Νέα Διεθνής Τάξη, Ο Ρόλος της Ελλάδας στα Βαλκάνια και την Ανατολική Μεσόγειο, Το Στρατηγικό Πλαίσιο της Εθνικής Άμυνας, Η Πολιτική Εθνικής Άμυνας, Η Αμυντική Διπλωματία, Η Ελληνική Συνεισφορά στη Διεθνή Ασφάλεια, Διεθνείς Σχέσεις, Οργάνωση και Λειτουργία των Ενόπλων Δυνάμεων, Το Ανθρώπινο Δυναμικό των Ενόπλων Δυνάμεων, Οι Υποδομές των Ελληνικών Ενόπλων Δυνάμεων, Οι Αμυντικές Δαπάνες, Η Κοινωνική Προσφορά των Ενόπλων Δυνάμεων, Η Εθνική Μετεωρολογική Υπηρεσία. |
| 942 ## - ADDED ENTRY ELEMENTS (KOHA) | |
| Koha item type | Books |
| Τύπος τεκμηρίου | Βιβλιοθήκη | Τρέχουσα τοποθεσία | Barcode | Αριθμός εισαγωγής | Ημερομηνία απόκτησης | Ταξιθετικό σύμβολο | Αριθμός αντιτύπου | Κατάσταση απόσυρσης | Κατάσταση χαμένου | Κατάσταση κατεστραμμένου | Μη δανεισμός | Σύνολο δανεισμών | Ημερομηνία τελευταίας εμφάνισης | Η τιμή ισχύει από |
|---|---|---|---|---|---|---|---|---|---|---|---|---|---|---|
| Books | MC Athens Campus Library | MC Athens Campus Library | 9780000020529 | 4265 | 05/06/2025 | 355.033 549 5 YEA | 1 | 05/06/2025 | 05/06/2025 |